00294nam a2200133Ia 4500100001600000650001700016366000900033654001700042245002500059260003500084082002100119300000800140546001200148 aSunggu Lee  aLogic Design f17.5 alogic design aDigital Logic Design bCengage LearningaMumbaic2003 a621.395/SUNbSUN a324 aENGLISH